000 00540caa a22001572a 4500
001 005081
003 AR-FADEU
008 311216n########xxu####################dd
092 _a413.01
_bF813
100 _aCruse, D. A.
245 _aAntonymy revisited : some thoughts on the relationship between words and concepts
300 _aPP. 289-308
500 _aEn: Frames, fields, and contrasts : new essays in semantic and lexical organization /ed. Adrienne Lehrer. Hillsdale : Lawrence Erlbaum, 1992
546 _aInglés
942 _cBDGR
999 _c10903
_d10903